|
|
|
|
| LEADER |
01042cam a2200217 i 4500 |
| 005 |
20170318090029.0 |
| 008 |
150511s2016 enka 000 0 eng |
| 020 |
|
|
|a 9781138853911
|
| 082 |
0 |
0 |
|a 331.319 TER'16
|2 23
|
| 100 |
1 |
|
|a Terrill, Leon
|e author.
|
| 245 |
1 |
0 |
|a Beyond communal and individual ownership : Indigenous land reform in Australia /
|c Leon Terrill.
|
| 250 |
|
|
|a 1st Ed.
|
| 260 |
|
|
|a Newyork
|b Routledge
|c 2016
|
| 300 |
|
|
|a ix, 303 pages :
|b illustrations ;
|c 24 cm.
|
| 500 |
|
|
|a Include Index
|
| 505 |
0 |
|
|a Land reform : theory, terminology and concepts -- Aboriginal land in the Northern Territory -- Communities on Aboriginal land -- Australian debate about land reform and the new political consensus -- The reforms -- Making sense of the reforms -- Alternative approaches?.
|
| 650 |
|
0 |
|a Aboriginal Australians
|
| 650 |
|
0 |
|a Land tenure
|
| 942 |
|
|
|2 ddc
|c REF
|
| 999 |
|
|
|c 10136
|d 10136
|
| 952 |
|
|
|0 0
|1 0
|2 ddc
|4 0
|6 331_319000000000000_TER16
|7 1
|8 REF
|9 20072
|a NUALS
|b NUALS
|c REF
|d 2017-03-18
|l 0
|o 331.319 TER'16
|p 13541
|r 2017-03-18
|w 2017-03-18
|y REF
|